ბათუმის შოთა რუსთაველის სახელმწიფო უნივერსიტეტის ბიბლიოთეკა

მალარიოლოგიის ზოგიერთი საკითხი ქართული კარაბადინების მიხედვით : (ბიბ.ჩანაწერი № 62820)

000 -ლიდერი
ფიქსირებული სიგრძის საკონტროლო ველი 01190nam a22002297a 4500
003 - საკონტროლო ნომრის იდენტიფიკატორი
საკონტროლო ველი Ge_BSU
005 - ბოლო ოპერაციის თარიღი და დრო
საკონტროლო ველი 20250304162140.0
008 - ფიქსირებული სიგრძის მონაცემთა ელემენტები - ზოგადი ინფორმაცია
ფიქსირებული სიგრძის საკონტროლო ველი 250304s1960 ge ||||| |||| 00| 0 geo d
041 ## - ენის კოდი
Language code of text/sound track or separate title geo
080 ## - უნივერსალური ათობითი კლასიფიკაციის ინდექსი
Universal Decimal Classification number 616.936 ა-20
100 ## - მთავარი ჩანაწერი - პიროვნების სახელი
Personal name აბულაძე, ს.
9 (RLIN) 24444
245 ## - ცნობა სათაურის შესახებ
Title მალარიოლოგიის ზოგიერთი საკითხი ქართული კარაბადინების მიხედვით :
Remainder of title (XI-XVI ს) /
Statement of responsibility, etc ს. აბულაძე, ტ. ბაქრაძე ; [გ. მარუაშვილის წინასიტყვაობით].
264 ## - წარმოების, გამოცემის, დისტრიბუციის და სხვა ცნობები
გამოცემის, წარმოების, დისტრიბუციის... ადგილი თბ. :
გამოცემის, წარმოების, დისტრიბუციის... სახელწოდება საბჭ. საქართველო,
გამოცემის, წარმოების, დისტრიბუციის... თარიღი 1960.
300 ## - ფიზიკური აღწერა
Extent 65 გვ. ;
Other physical details 20 სმ.
504 ## - BIBLIOGRAPHY, ETC. NOTE
Bibliography, etc ბიბლიოგრ. გვ. 63-64.
653 ## - INDEX TERM--UNCONTROLLED
Uncontrolled term მალარია
653 ## - INDEX TERM--UNCONTROLLED
Uncontrolled term მედიცინა
653 ## - INDEX TERM--UNCONTROLLED
Uncontrolled term ქართული მედიცინის ისტორია
700 ## - ADDED ENTRY--PERSONAL NAME
Personal name ბაქრაძე, ტ.
Relator term ავტორი
9 (RLIN) 24445
700 ## - ADDED ENTRY--PERSONAL NAME
Personal name მარუაშვილი, გ.
Relator term წინასიტყვაობის ავტორი
9 (RLIN) 24446
942 ## - ADDED ENTRY ELEMENTS (KOHA)
Source of classification or shelving scheme
Koha item type წიგნი
ეგზემპლარები
ჩამოწერის სტატუსი დაკარგული ეგზემპლარის სტატუსი კლასიფიკაციის წყარო ან თაროზე გაწყობის სქემა დაზიანების სტატუსი არ გაიცემა მუდმივი მდებარეობა (დაცვის ადგილი) ამჟამინდელი ადგილსამყოფელი თაროზე განთავსების ადგილი შეძენის თარიღი ღირებულება, შესყიდვის ნორმალური ფასი სრული შენახვის შიფრი შტრიხკოდი ბოლო ოპერაციის თარიღი ეგზემპლარის მიმდევრობითი ნომერი (კეტერი?) ფასის ძალაში შესვლის თარიღი ეგზემპლარის სახეობა საჯარო შენიშვნა
          ბათუმის შოთა რუსთაველის სახელმწიფო უნივერსიტეტის მთავარი ბიბლიოთეკა ბათუმის შოთა რუსთაველის სახელმწიფო უნივერსიტეტის მთავარი ბიბლიოთეკა წიგნსაცავი 2025-03-04 0.00 616.936 ა-20 70724 2025-03-04 70724 2025-03-04 წიგნი 0,34